|
|
|
|
| LEADER |
00000nam a2200000 a 4500 |
| 001 |
vtls009181794 |
| 003 |
SK-MaSNL |
| 005 |
20260301125306.0 |
| 008 |
240313s2006 xo ol d p 000 0 hun |
| 015 |
|
|
|a SNBA2008/02-00790
|
| 020 |
|
|
|a 8089234186
|q (brož.)
|
| 035 |
|
|
|a D86A8F4F-C417-4A56-9E2A-E841A146F5F9
|
| 035 |
|
|
|a urn:nbn:sk:snk-amlbql
|
| 035 |
|
|
|a urn:nbn:sk:snk-am0092a8
|
| 040 |
|
|
|a SNK
|b slo
|c SNK
|e AACR2
|
| 041 |
0 |
|
|a hun
|
| 044 |
|
|
|a xo
|c SK
|
| 072 |
|
7 |
|a 371
|x Školstvo (organizácia)
|2 konspekt
|
| 080 |
|
|
|a 371.68/.69
|2 2001
|
| 080 |
|
|
|a (07)
|2 2001
|
| 100 |
1 |
|
|a Bohony, Pavol
|4 aut
|9 10599
|
| 245 |
1 |
0 |
|a Oktatástechnológia
|c Bohony Pál, Albert Sándor
|
| 250 |
|
|
|a 1. kiad.
|
| 260 |
|
|
|a Komárom
|b Selye János Egyetem
|c 2006
|
| 300 |
|
|
|a 308 s.
|b fotogr., sch., tab.
|c 21 cm
|
| 504 |
|
|
|a Bibliogr. s. 301-308. Technický maď.-slov. slovník
|
| 650 |
0 |
7 |
|a didaktická technika
|2 SNKPH
|9 67672
|
| 650 |
0 |
7 |
|a Educational technology
|2 SNKPHeng
|9 327420
|
| 655 |
|
7 |
|a učebné texty
|2 SNKPH
|9 70568
|
| 655 |
|
7 |
|a Educational texts
|2 SNKPHeng
|9 277375
|
| 700 |
1 |
|
|a Albert, Sándor,
|d 1943-
|4 aut
|9 92664
|
| 752 |
|
|
|a Slovensko
|d Komárno
|
| 919 |
|
|
|a 80-89234-18-6
|
| 958 |
|
|
|a NB
|
| 958 |
|
|
|a HU
|
| 958 |
|
|
|a NM
|
| 958 |
|
|
|a OND
|
| 968 |
|
|
|d 37
|
| 999 |
|
|
|c 742017
|d 743947
|
| 952 |
|
|
|a SNK
|b SNK
|y PREZ
|7 0
|p 17A0578539
|o snkSC 130787
|i snk2008/3045
|8 0
|0 0
|1 0
|4 0
|d 2008-02-07
|f 1
|l 0
|r 2025-06-19 00:00:00
|w 2026-02-23
|
| 952 |
|
|
|a SNK
|b SNK
|y VYP
|7 0
|p 17A0578540
|o snkSC 130787 D1
|i snk2008/3046
|8 0
|0 0
|1 0
|4 0
|d 2008-02-07
|l 0
|r 2026-02-23 23:03:40
|w 2026-02-23
|